00448nam a2200145Ia 4500008004100000020001800041041000800059082001600067100001600083245001700099250000900116260003600125999001900161952012200180230717s9999 xx 000 0 und d a0-7121-1055-0 aeng a346.03bPAN aPannett A.J aLaw Of Torts a7ed. aLondonbPitman Publishingc1995 c671687d671687 011040708LLBaNLPbNLPcNLP-24d2001-03-31g150.00l0o346.03 PANpNLP-N05583r2023-07-17 00:00:00w2023-07-17yBK